Relinquency and society
| Main Author: | |
|---|---|
| Format: | Book |
| Published: |
New Jersey :
Prentice-Hall ,
1990
|
| Subjects: |
MARC
| LEADER | 00000cam a2200000 7i4500 | ||
|---|---|---|---|
| 001 | 0000006006 | ||
| 002 | 000006487 | ||
| 005 | 20000330.0 | ||
| 020 | |a 0131992589 | ||
| 090 | 0 | 0 | |a 364.360973 |b SHO |
| 100 | 1 | |a Short, James F. | |
| 245 | 1 | 0 | |a Relinquency and society |c James F.Short |
| 260 | |a New Jersey : |b Prentice-Hall , |c 1990 | ||
| 300 | |a 244p. ; |c 22cm. | ||
| 650 | 0 | 0 | |a Juvenile delinquency |z Clnited States |
| 999 | |a 037833 |b BUKU |c PINJAMAN |e PERPUSTAKAAN KOMUNITI PETALING JAYA | ||